000
00332pab a2200145 454500
008
180718b2003 xxu||||| |||| 00| 0 eng d
100
_a
Englund, Peter
245
_a
Taxing residential housing capital
260
_c
2003
300
_a
p.937-52.
362
_a
May
650
_a
Housing
773
_a
Urban Studies
909
_a
56912
999
_c
56912
_d
56912